<?xml version="1.0" encoding="UTF-8"?>
<record
    xmlns:xsi="http://www.w3.org/2001/XMLSchema-instance"
    xsi:schemaLocation="http://www.loc.gov/MARC21/slim http://www.loc.gov/standards/marcxml/schema/MARC21slim.xsd"
    xmlns="http://www.loc.gov/MARC21/slim">

  <leader>00813nam a22002297a 4500</leader>
  <controlfield tag="003">NUST</controlfield>
  <controlfield tag="005">20250516155038.0</controlfield>
  <controlfield tag="008">250516b           ||||| |||| 00| 0 eng d</controlfield>
  <datafield tag="020" ind1=" " ind2=" ">
    <subfield code="a">9789673498505</subfield>
  </datafield>
  <datafield tag="082" ind1=" " ind2=" ">
    <subfield code="2">23</subfield>
    <subfield code="a">547 </subfield>
    <subfield code="b">WAD</subfield>
  </datafield>
  <datafield tag="100" ind1=" " ind2=" ">
    <subfield code="a">Leroy G. Wade, Jan W. Simek Maya Shankar Singh</subfield>
    <subfield code="9">129027</subfield>
  </datafield>
  <datafield tag="245" ind1=" " ind2=" ">
    <subfield code="a">Organic Chemistry</subfield>
    <subfield code="c">Leroy G. Wade, Jan W. Simek Maya Shankar Singh</subfield>
  </datafield>
  <datafield tag="250" ind1=" " ind2=" ">
    <subfield code="a">9th </subfield>
  </datafield>
  <datafield tag="260" ind1=" " ind2=" ">
    <subfield code="a">Malaysia, Sdn, Bhd</subfield>
    <subfield code="b">Pearson</subfield>
    <subfield code="c">2020</subfield>
  </datafield>
  <datafield tag="300" ind1=" " ind2=" ">
    <subfield code="a">1572p.</subfield>
    <subfield code="b">pb.</subfield>
  </datafield>
  <datafield tag="440" ind1=" " ind2=" ">
    <subfield code="a">Organic Chemistry</subfield>
    <subfield code="9">111731</subfield>
  </datafield>
  <datafield tag="505" ind1=" " ind2=" ">
    <subfield code="r">Leroy G. Wade, Jan W. Simek Maya Shankar Singh</subfield>
    <subfield code="t">Organic Chemistry</subfield>
  </datafield>
  <datafield tag="600" ind1=" " ind2=" ">
    <subfield code="a">Leroy G. Wade, Jan W. Simek Maya Shankar Singh</subfield>
    <subfield code="9">129027</subfield>
  </datafield>
  <datafield tag="700" ind1=" " ind2=" ">
    <subfield code="a">Leroy G. Wade, Jan W. Simek Maya Shankar Singh</subfield>
    <subfield code="9">129027</subfield>
  </datafield>
  <datafield tag="760" ind1=" " ind2=" ">
    <subfield code="b">9th </subfield>
  </datafield>
  <datafield tag="942" ind1=" " ind2=" ">
    <subfield code="2">ddc</subfield>
    <subfield code="c">BK</subfield>
    <subfield code="e">9th </subfield>
    <subfield code="k">547 WAD 2020</subfield>
    <subfield code="m">547 WAD 2020</subfield>
  </datafield>
  <datafield tag="999" ind1=" " ind2=" ">
    <subfield code="c">613774</subfield>
    <subfield code="d">613774</subfield>
  </datafield>
  <datafield tag="952" ind1=" " ind2=" ">
    <subfield code="0">0</subfield>
    <subfield code="1">0</subfield>
    <subfield code="2">ddc</subfield>
    <subfield code="4">0</subfield>
    <subfield code="7">0</subfield>
    <subfield code="a">SNS</subfield>
    <subfield code="b">SNS</subfield>
    <subfield code="c">GEN</subfield>
    <subfield code="d">2025-04-15</subfield>
    <subfield code="l">0</subfield>
    <subfield code="o">547 WAD 2020</subfield>
    <subfield code="p">SNS0003207</subfield>
    <subfield code="r">2025-05-16</subfield>
    <subfield code="w">2025-05-16</subfield>
    <subfield code="y">BK</subfield>
  </datafield>
</record>
